[Event "RA Summer Pickup #2"]
[Site "Ottawa CAN"]
[Date "2004.07.08"]
[Round "2"]
[White "Veltmann, Alfred"]
[Black "Chan, Michael"]
[Result "1-0"]
[WhiteElo "1592"]
[BlackElo "1643"]
[PlyCount "53"]
[GameId "2160767911096189"]
[EventDate "2004.06.24"]
[EventType "swiss"]
[EventRounds "4"]
[EventCountry "CAN"]

1. e4 e5 2. Nf3 Nc6 3. Bb5 a6 4. Ba4 Nf6 5. O-O b5 6. Bb3 Bc5 7. c3 d6 8. d3 Bb7 9. Bg5 h6 10. Bh4 g5 11. Bg3 Qd7 12. a4 O-O-O 13. axb5 axb5 14. Na3 Na7 15. Qe2 g4 16. Nh4 h5 17. Rfd1 b4 18. Nc4 bxc3 19. bxc3 d5 20. Nxe5 Qb5 21. Ba4 Qb6 22. Nxf7 Ba6 23. Nxh8 Nxe4 24. Qc2 Nxg3 25. hxg3 Rxh8 26. d4 Bd6 27. Qf5+ 1-0

[Event "RA Summer Pickup #2"]
[Site "Ottawa CAN"]
[Date "2004.07.15"]
[Round "3"]
[White "Veltmann, Alfred"]
[Black "Szalay, Karoly"]
[Result "1/2-1/2"]
[WhiteElo "1592"]
[BlackElo "1622"]
[PlyCount "84"]
[GameId "2160767911096190"]
[EventDate "2004.06.24"]
[EventType "swiss"]
[EventRounds "4"]
[EventCountry "CAN"]

1. e4 e5 2. Nf3 Nc6 3. Bb5 a6 4. Ba4 Nf6 5. O-O b5 6. Bb3 Bc5 7. d3 d6 8. h3 h6 9. c3 Bb7 10. Nbd2 O-O 11. Re1 Re8 12. Nf1 Bc8 13. Ne3 Be6 14. Bxe6 fxe6 15. Nh2 d5 16. Nc2 dxe4 17. dxe4 Qxd1 18. Rxd1 Nxe4 19. Be3 Bxe3 20. Nxe3 Rad8 21. Nhf1 Ng5 22. h4 Nf7 23. Nd2 Nd6 24. Nb3 Nf5 25. g3 Nxe3 26. fxe3 e4 27. Nc5 Na5 28. b3 Rd5 29. Nxe4 Re5 30. Nd2 Rxe3 31. Nf1 Rxc3 32. Rac1 Rxc1 33. Rxc1 Re7 34. Kf2 Kf7 35. Nd2 Kf6 36. Ne4+ Ke5 37. Nc5 Kd5 38. Ke3 e5 39. Nd3 Nc6 40. Rc5+ Kd6 41. Ke4 Rf7 42. Rd5+ Ke6 1/2-1/2

[Event "RA Summer Pickup #2"]
[Site "Ottawa CAN"]
[Date "2004.07.22"]
[Round "4"]
[White "Loizides, Yiannis"]
[Black "Veltmann, Alfred"]
[Result "0-1"]
[WhiteElo "1709"]
[BlackElo "1592"]
[PlyCount "92"]
[GameId "2160767911096191"]
[EventDate "2004.06.24"]
[EventType "swiss"]
[EventRounds "4"]
[EventCountry "CAN"]

1. c4 Nf6 2. Nc3 g6 3. Nf3 Bg7 4. d4 d5 5. Bf4 c6 6. e3 O-O 7. Be2 dxc4 8. Bxc4 b5 9. Bd3 Bb7 10. O-O Nbd7 11. b4 Nb6 12. Nd2 Nfd5 13. Nxd5 Nxd5 14. Bg3 Nxb4 15. Be2 c5 16. Nb3 c4 17. Nc5 Bc6 18. Rb1 Nd5 19. Qc2 Nf6 20. Rfd1 e6 21. e4 Qe7 22. f4 Rfd8 23. Bf2 Qc7 24. g3 Bf8 25. Bf3 Bxc5 26. dxc5 Rd7 27. Bd4 Ne8 28. Rd2 Rad8 29. Rbd1 Qb7 30. Bg2 f5 31. Be5 Rxd2 32. Rxd2 Rxd2 33. Qxd2 fxe4 34. Qd8 Kf7 35. Qh4 h5 36. g4 Qe7 37. Qxe7+ Kxe7 38. gxh5 gxh5 39. Kf2 Nf6 40. h3 Kf7 41. Ke3 Kg6 42. a3 Kf5 43. Bxf6 Kxf6 44. Bxe4 Bxe4 45. Kxe4 a5 46. Kd4 Ke7 0-1

[Event "RA Summer Pickup #2 "]
[Site "Ottawa CAN"]
[Date "2004.06.24"]
[Round "1"]
[White "Voloaca, Mihnea"]
[Black "Pacey, Kevin"]
[Result "0-1"]
[WhiteElo "2261"]
[BlackElo "2174"]
[PlyCount "44"]
[GameId "2160767911096192"]
[EventDate "2004.06.24"]
[EventType "swiss"]
[EventRounds "4"]
[EventCountry "CAN"]

1. e4 Nc6 2. Nf3 d6 3. Bc4 Nf6 4. d3 g6 5. c3 Bg7 6. O-O O-O 7. Bb3 Na5 8. Bc2 c5 9. d4 cxd4 10. cxd4 Nc6 11. Nc3 Bg4 12. Be3 Nh5 13. Ne2 Rc8 14. Rc1 e5 15. d5 Bxf3 16. gxf3 Nd4 17. Nxd4 exd4 18. Bxd4 Nf4 19. Kh1 Bxd4 20. Qxd4 Ne2 21. Qe3 Nxc1 22. Rxc1 Qb6 0-1

[Event "RA Summer Pickup #2 "]
[Site "Ottawa CAN"]
[Date "2004.07.08"]
[Round "2"]
[White "Pacey, Kevin"]
[Black "Valdizon, Armando"]
[Result "0-1"]
[WhiteElo "2174"]
[BlackElo "2228"]
[PlyCount "96"]
[GameId "2160767911096193"]
[EventDate "2004.06.24"]
[EventType "swiss"]
[EventRounds "4"]
[EventCountry "CAN"]

1. f4 d5 2. Nf3 g6 3. g3 Bg7 4. Bg2 c5 5. O-O Nc6 6. d3 Nf6 7. Nc3 d4 8. Na4 Nd7 9. c4 Rb8 10. a3 a6 11. Qc2 b6 12. Bd2 Bb7 13. b4 Qc7 14. b5 axb5 15. cxb5 Na7 16. Qb3 O-O 17. Nb2 Nc8 18. a4 e6 19. Ng5 Bxg2 20. Kxg2 Qb7+ 21. Kg1 Nd6 22. a5 bxa5 23. Rxa5 Nxb5 24. Na4 Nc3 25. Qxb7 Rxb7 26. Nxc5 Nxc5 27. Rxc5 Nxe2+ 28. Kh1 Rb2 29. Nf3 Ra8 30. Ra5 Rxa5 31. Bxa5 Rb3 32. Rd1 Nc3 33. Rd2 Kf8 34. Bc7 Ke7 35. Be5 Bxe5 36. Nxe5 Nb5 37. Kg2 f6 38. Nc4 Nd6 39. Nxd6 Kxd6 40. Kf3 Kd5 41. Ke2 e5 42. fxe5 fxe5 43. Ra2 h5 44. h4 Ke6 45. Ra6+ Kf5 46. Ra5 Rb2+ 47. Kf3 Rd2 48. Ra3 Rxd3+ 0-1

[Event "RA Summer Pickup #2 "]
[Site "Ottawa CAN"]
[Date "2004.07.15"]
[Round "3"]
[White "Pacey, Kevin"]
[Black "De Kerpel, Stijn"]
[Result "1/2-1/2"]
[WhiteElo "2174"]
[BlackElo "2151"]
[PlyCount "82"]
[GameId "2160767911096194"]
[EventDate "2004.06.24"]
[EventType "swiss"]
[EventRounds "4"]
[EventCountry "CAN"]

1. e4 c5 2. Nf3 d6 3. d4 cxd4 4. Nxd4 Nf6 5. Nc3 a6 6. Be3 e5 7. Nf3 Qc7 8. Qd3 b5 9. a4 b4 10. Nd5 Nxd5 11. exd5 Be7 12. a5 O-O 13. Qc4 Qxc4 14. Bxc4 Bf5 15. Kd1 Rc8 16. b3 Nd7 17. Ra4 Nc5 18. Rxb4 Bd8 19. Bxc5 Rxc5 20. Ra4 Be4 21. Re1 f5 22. Nxe5 dxe5 23. f3 Bxd5 24. Rxe5 Rxc4 25. bxc4 Bc6 26. Ra2 g6 27. Re6 Rc8 28. Ra3 Kf7 29. Rae3 Bb7 30. Re8 Bg5 31. Rxc8 Bxc8 32. Rb3 Ke7 33. Ke2 Kd6 34. Rb8 Be6 35. Rb6+ Ke7 36. Rb7+ Kd6 37. Kd3 Bd8 38. Kd4 Bf6+ 39. Kd3 Bd8 40. Kd4 Bf6+ 41. Kd3 Bd8 1/2-1/2

[Event "RA Summer Pickup #2 "]
[Site "Ottawa CAN"]
[Date "2004.07.22"]
[Round "4"]
[White "Djerkovic, Miladin"]
[Black "Pacey, Kevin"]
[Result "1-0"]
[WhiteElo "2273"]
[BlackElo "2174"]
[PlyCount "153"]
[GameId "2160767911096195"]
[EventDate "2004.06.24"]
[EventType "swiss"]
[EventRounds "4"]
[EventCountry "CAN"]

1. e4 d6 2. d4 Nf6 3. Nc3 g6 4. Nf3 Bg7 5. Be2 O-O 6. O-O Nc6 7. Bg5 h6 8. Bh4 g5 9. Bg3 Nh5 10. d5 Nb4 11. a3 Na6 12. Nd4 Nxg3 13. hxg3 Nc5 14. f4 gxf4 15. gxf4 c6 16. dxc6 bxc6 17. Nxc6 Qb6 18. Nd5 Qxb2 19. Rb1 Qxa3 20. Rf3 Qa4 21. Rb4 Qa2 22. Bc4 Qa1 23. Qxa1 Bxa1 24. Nc7 Bg4 25. Rg3 h5 26. Nxe7+ Kh8 27. Nxa8 a5 28. Rb5 Rxa8 29. Bd5 Re8 30. Nc6 a4 31. Ra3 Bg7 32. e5 Bf8 33. Rxc5 dxc5 34. Rxa4 Bd7 35. c4 Bh6 36. Ra7 Bxc6 37. Bxc6 Rc8 38. Bd5 Bxf4 39. Bxf7 Bxe5 40. Bxh5 Rc7 41. Ra8+ Kg7 42. Bf3 Rf7 43. Kf2 Bd4+ 44. Kg3 Be5+ 45. Kf2 Bd4+ 46. Ke2 Rf8 47. Ra7+ Rf7 48. Ra6 Rf6 49. Ra3 Re6+ 50. Kd2 Kg6 51. Bd5 Re5 52. Ra8 Re7 53. Kc2 Kf6 54. Kb3 Re1 55. Rf8+ Kg5 56. Kc2 Re7 57. Rg8+ Kf5 58. Kd2 Rg7 59. Rf8+ Kg5 60. Kd3 Re7 61. Be4 Be5 62. Rd8 Kf6 63. Rd5 Rc7 64. g4 Ke6 65. Bf5+ Kf6 66. Ke4 Bh2 67. Bd7 Ke7 68. Bb5 Ke6 69. Rh5 Bg3 70. Rh6+ Kf7 71. Rh3 Bd6 72. Kd5 Bf8 73. Rf3+ Kg7 74. Rf5 Rf7 75. Rg5+ Kh6 76. Rh5+ Kg6 77. Be8 1-0

[Event "RA Summer Pickup #3"]
[Site "Ottawa CAN"]
[Date "2004.07.29"]
[Round "1"]
[White "Pacey, Kevin"]
[Black "Patterson, Roger"]
[Result "1/2-1/2"]
[WhiteElo "2174"]
[BlackElo "2149"]
[PlyCount "45"]
[GameId "2160767911094800"]
[EventDate "2004.07.30"]
[EventType "swiss"]
[EventRounds "5"]
[EventCountry "CAN"]

1. d4 Nf6 2. c4 e6 3. g3 d5 4. Nf3 Be7 5. Bg2 O-O 6. O-O b6 7. Qc2 Bb7 8. Rd1 dxc4 9. Qxc4 c5 10. Nc3 Qc8 11. Bf4 cxd4 12. Qxc8 Rxc8 13. Nxd4 Bxg2 14. Kxg2 Nc6 15. Ndb5 Rd8 16. Nc7 Rac8 17. N3b5 e5 18. Bg5 Kf8 19. Rdc1 Bc5 20. Na6 Be7 21. Nac7 Bc5 22. Na6 Be7 23. Nac7 1/2-1/2

[Event "RA Summer Pickup #3"]
[Site "Ottawa CAN"]
[Date "2004.07.30"]
[Round "1"]
[White "Veltmann, Alfred"]
[Black "Page, Peter"]
[Result "1-0"]
[WhiteElo "1625"]
[BlackElo "1354"]
[PlyCount "58"]
[GameId "2160767911094801"]
[EventDate "2004.07.30"]
[EventType "swiss"]
[EventRounds "5"]
[EventCountry "CAN"]

1. e4 e5 2. Nf3 Nf6 3. d4 d5 4. Nxe5 Nxe4 5. Bd3 Nf6 6. O-O Be7 7. Bg5 O-O 8. Nd2 c6 9. c3 Be6 10. Qc2 Nbd7 11. f4 Nxe5 12. fxe5 Ne4 13. Bxe7 Qxe7 14. Nxe4 dxe4 15. Bxe4 g6 16. Rf6 Kg7 17. Qf2 a5 18. Qh4 Qc7 19. g4 Rad8 20. g5 Qb6 21. Qf2 Qc7 22. h4 Rh8 23. h5 Rd7 24. hxg6 hxg6 25. Bxg6 fxg6 26. Rxe6 Rf7 27. Rf6 Rh5 28. Qf4 Qe7 29. Rf1 Kg8 1-0

[Event "RA Summer Pickup #3"]
[Site "Ottawa CAN"]
[Date "2004.08.05"]
[Round "2"]
[White "Best, Garland"]
[Black "Veltmann, Alfred"]
[Result "1/2-1/2"]
[WhiteElo "1490"]
[BlackElo "1625"]
[PlyCount "90"]
[GameId "2160767911094802"]
[EventDate "2004.07.30"]
[EventType "swiss"]
[EventRounds "5"]
[EventCountry "CAN"]

1. e4 e5 2. Nf3 Nc6 3. Bc4 Bc5 4. b4 Bxb4 5. c3 Bc5 6. O-O Nf6 7. d4 Bd6 8. Re1 O-O 9. Bg5 h6 10. Bh4 exd4 11. cxd4 Be7 12. e5 Nh7 13. Re4 Ng5 14. Nxg5 hxg5 15. Bg3 d5 16. exd6 Bxd6 17. Nc3 Bf5 18. Bxd6 Qxd6 19. d5 Bxe4 20. Nxe4 Qe5 21. dxc6 Qxe4 22. cxb7 Qxc4 23. bxa8=Q Rxa8 24. Qf3 Rb8 25. Qe3 a5 26. g3 Qd5 27. Qe2 Rb4 28. Rd1 Qc6 29. Rd8+ Kh7 30. Qh5+ Qh6 31. Qxf7 Rb1+ 32. Kg2 Qc6+ 33. Qd5 Qxd5+ 34. Rxd5 Ra1 35. Rxa5 Kg6 36. Ra3 Kf5 37. Rc3 Rxa2 38. Rxc7 Kf6 39. g4 Ra5 40. Kg3 Rb5 41. f3 Ra5 42. Rc6+ Kf7 43. h4 gxh4+ 44. Kxh4 g6 45. Rc4 Rb5 1/2-1/2

[Event "RA Summer Pickup #3"]
[Site "Ottawa CAN"]
[Date "2004.08.05"]
[Round "2"]
[White "Predescu, Sebastian"]
[Black "Pacey, Kevin"]
[Result "1/2-1/2"]
[WhiteElo "2274"]
[BlackElo "2174"]
[PlyCount "77"]
[GameId "2160767911094803"]
[EventDate "2004.07.30"]
[EventType "swiss"]
[EventRounds "5"]
[EventCountry "CAN"]

1. e4 Nc6 2. Nf3 d6 3. d4 Nf6 4. Nc3 Bg4 5. Be2 e6 6. Be3 Be7 7. Qd2 d5 8. h3 Bh5 9. e5 Nd7 10. O-O Ncb8 11. Nh2 Bg6 12. f4 c5 13. dxc5 Nxc5 14. Nf3 Nc6 15. Nd4 O-O 16. g4 Nxd4 17. Bxd4 Qd7 18. b4 Ne4 19. Nxe4 Bxe4 20. c3 f5 21. Bd3 Bxd3 22. Qxd3 a5 23. b5 Rac8 24. Rab1 Rc4 25. Qe3 Qc7 26. Rfd1 Bc5 27. Kg2 Bxd4 28. cxd4 Rc2+ 29. Rd2 Qc4 30. Rb2 Rc1 31. Qf2 a4 32. Rdc2 Rxc2 33. Rxc2 Qxb5 34. Qd2 h6 35. Kg3 Qf1 36. Rc1 Qb5 37. Rc5 Qf1 38. Rc1 Qb5 39. Rc5 1/2-1/2

[Event "RA Summer Pickup #3"]
[Site "Ottawa CAN"]
[Date "2004.08.12"]
[Round "3"]
[White "Pacey, Kevin"]
[Black "Yao, Sammy"]
[Result "1-0"]
[WhiteElo "2174"]
[BlackElo "1956"]
[PlyCount "67"]
[GameId "2160767911094804"]
[EventDate "2004.07.30"]
[EventType "swiss"]
[EventRounds "5"]
[EventCountry "CAN"]

1. d4 Nf6 2. c4 g6 3. Nc3 Bg7 4. e4 d6 5. Be2 O-O 6. Bg5 Na6 7. Qd2 e5 8. d5 c6 9. f3 cxd5 10. Nxd5 Be6 11. O-O-O Rc8 12. Kb1 Bxd5 13. cxd5 Nc5 14. Nh3 Qd7 15. Nf2 Nh5 16. g3 f5 17. Nd3 Nxd3 18. Qxd3 Nf6 19. Rde1 a6 20. Rhf1 h6 21. Bd2 fxe4 22. fxe4 Ng4 23. Bxg4 Qxg4 24. Bb4 Rcd8 25. Rxf8+ Kxf8 26. Rc1 Rd7 27. Rc8+ Kf7 28. a3 Bf6 29. Ba5 h5 30. Ka2 h4 31. gxh4 Bxh4 32. Qc2 Be7 33. Rb8 g5 34. Qc8 1-0

[Event "RA Summer Pickup #3"]
[Site "Ottawa CAN"]
[Date "2004.08.12"]
[Round "3"]
[White "Solki, Shahin"]
[Black "Veltmann, Alfred"]
[Result "1-0"]
[WhiteElo "1704"]
[BlackElo "1625"]
[PlyCount "91"]
[GameId "2160767911094805"]
[EventDate "2004.07.30"]
[EventType "swiss"]
[EventRounds "5"]
[EventCountry "CAN"]

1. d4 e6 2. Nf3 Nf6 3. Bg5 h6 4. Bh4 Be7 5. Nc3 d5 6. e3 Nc6 7. a3 a5 8. Bd3 Bd7 9. h3 O-O 10. Bg3 Ne8 11. Nb5 Na7 12. Nxa7 Rxa7 13. Ne5 Bd6 14. O-O Bc8 15. c4 c6 16. c5 Bc7 17. b4 Bxe5 18. Bxe5 Qg5 19. b5 cxb5 20. Bxb5 Qd8 21. Rb1 Bd7 22. Qa4 Bc8 23. Rfc1 f6 24. Bg3 Kf7 25. c6 bxc6 26. Rxc6 Bd7 27. Rc5 Rb7 28. Rbc1 Bxb5 29. Rxb5 Rxb5 30. Qxb5 Nd6 31. Bxd6 Qxd6 32. Qxa5 Rb8 33. Qa7+ Kg6 34. a4 Qb6 35. Qxb6 Rxb6 36. a5 Ra6 37. Rc5 Kf7 38. Kf1 Ke7 39. Ke1 Kd6 40. Kd2 Rc6 41. Rc3 Kc7 42. a6 Rxc3 43. Kxc3 Kb6 44. Kb4 h5 45. a7 Kxa7 46. Kc5 1-0

[Event "RA Summer Pickup #3"]
[Site "Ottawa CAN"]
[Date "2004.08.19"]
[Round "4"]
[White "Barclay, Wayne"]
[Black "Pacey, Kevin"]
[Result "0-1"]
[WhiteElo "2276"]
[BlackElo "2174"]
[PlyCount "86"]
[GameId "2160767911094806"]
[EventDate "2004.07.30"]
[EventType "swiss"]
[EventRounds "5"]
[EventCountry "CAN"]

1. d4 Nf6 2. g3 d5 3. Bg2 g6 4. c4 Bg7 5. Bg5 Ne4 6. Bf4 c6 7. cxd5 cxd5 8. Nf3 Nc6 9. O-O O-O 10. Nc3 Bf5 11. Rc1 Rc8 12. h3 Na5 13. Nb5 Qb6 14. Nc7 Nf6 15. Rc5 a6 16. Qa4 Nc6 17. Nxd5 Nxd5 18. Rxd5 Be6 19. Rc5 Nxd4 20. Rxc8 Nxe2+ 21. Kh2 Rxc8 22. b3 Nxf4 23. Qxf4 h6 24. Qd2 Rd8 25. Qe2 Qc7 26. Re1 b5 27. Kg1 Bf6 28. Qe3 Kg7 29. Rc1 Qa5 30. Rc2 Bf5 31. Re2 Rd3 32. Qf4 Rd1+ 33. Kh2 Bd3 34. Rd2 Rxd2 35. Qxd2 Qxd2 36. Nxd2 Bc3 37. Be4 Be2 38. Nb1 Be1 39. Kg2 f5 40. Bc2 b4 41. a3 a5 42. f3 Kf6 43. g4 Ke5 0-1

[Event "RA Summer Pickup #3"]
[Site "Ottawa CAN"]
[Date "2004.08.19"]
[Round "4"]
[White "Veltmann, Alfred"]
[Black "Hawley, Robert"]
[Result "0-1"]
[WhiteElo "1625"]
[BlackElo "1696"]
[PlyCount "112"]
[GameId "2160767911094807"]
[EventDate "2004.07.30"]
[EventType "swiss"]
[EventRounds "5"]
[EventCountry "CAN"]

1. e4 e5 2. Nf3 Nc6 3. Bb5 a6 4. Ba4 Nf6 5. O-O Be7 6. Re1 b5 7. Bb3 O-O 8. d4 d6 9. c3 Bg4 10. d5 Na5 11. Bc2 Qd7 12. Nbd2 c5 13. h3 Bh5 14. Nf1 h6 15. Ng3 Bg6 16. b3 Rfe8 17. Bd2 Bf8 18. c4 Nb7 19. Qe2 Bh7 20. Nh4 g5 21. Nhf5 Bg6 22. Qf3 Qd8 23. Qe2 Qd7 24. Bd1 Rab8 25. Qd3 Kh7 26. Bf3 Bg7 27. Qe2 Rg8 28. Rac1 b4 29. Rc2 a5 30. Bc1 a4 31. Be3 Kh8 32. Qd3 Ra8 33. Ree2 axb3 34. axb3 Ra1+ 35. Rc1 Rga8 36. Ree1 R1a3 37. Nxg7 Kxg7 38. Bg4 Qd8 39. Nf5+ Bxf5 40. Bxf5 Ng8 41. Rc2 f6 42. Bc1 R3a6 43. Qf3 Ne7 44. h4 Nxf5 45. Qxf5 Qc8 46. Qxc8 Rxc8 47. hxg5 hxg5 48. Kf1 Rca8 49. Ke2 Ra1 50. Be3 Rxe1+ 51. Kxe1 Ra1+ 52. Rc1 Ra2 53. Kf1 Kg6 54. g3 Rb2 55. g4 Na5 56. Kg2 Rxb3 0-1

[Event "RA Summer Pickup #3"]
[Site "Ottawa CAN"]
[Date "2004.08.26"]
[Round "5"]
[White "Pacey, Kevin"]
[Black "De Kerpel, Stijn"]
[Result "1-0"]
[WhiteElo "2174"]
[BlackElo "2160"]
[PlyCount "45"]
[GameId "2160767911094808"]
[EventDate "2004.07.30"]
[EventType "swiss"]
[EventRounds "5"]
[EventCountry "CAN"]

1. c4 c5 2. Nf3 Nc6 3. d4 cxd4 4. Nxd4 Nf6 5. Nc3 g6 6. e4 d6 7. Be2 Bg7 8. Be3 O-O 9. O-O Bd7 10. f3 a6 11. Qd2 Rc8 12. Rfd1 Kh8 13. Rac1 Nxd4 14. Bxd4 Qa5 15. a3 Be6 16. b4 Qh5 17. Nd5 Bxd5 18. exd5 Kg8 19. g4 Qh4 20. Bf2 Qh3 21. Bg3 g5 22. Qxg5 Kh8 23. Qe3 1-0

[Event "RA Summer Pickup #3"]
[Site "Ottawa CAN"]
[Date "2004.08.26"]
[Round "5"]
[White "Veltmann, Alfred"]
[Black "Loizides, Yiannis"]
[Result "1/2-1/2"]
[WhiteElo "1625"]
[BlackElo "1691"]
[PlyCount "102"]
[GameId "2160767911094809"]
[EventDate "2004.07.30"]
[EventType "swiss"]
[EventRounds "5"]
[EventCountry "CAN"]

1. e4 e6 2. d4 d5 3. Nd2 Nf6 4. e5 Nfd7 5. Bd3 c5 6. c3 Nc6 7. Ne2 f6 8. f4 cxd4 9. cxd4 Be7 10. O-O O-O 11. Nf3 a6 12. Kh1 b5 13. Qc2 Nb4 14. Bxh7+ Kh8 15. Qg6 Qe8 16. Qxe8 Rxe8 17. a3 Kxh7 18. axb4 Bxb4 19. Nc3 Nb6 20. Na2 Be7 21. Bd2 a5 22. Nc3 Bd7 23. b3 a4 24. bxa4 bxa4 25. Rfb1 Nc4 26. Rb7 Red8 27. Nxa4 Bf8 28. exf6 Nxd2 29. fxg7 Bxg7 30. Nxd2 Rxa4 31. Rxa4 Bxa4 32. Re7 Re8 33. Ra7 Bc2 34. Nf3 Kg6 35. Kg1 Be4 36. Ne5+ Bxe5 37. fxe5 Rf8 38. Re7 Bf5 39. h3 Rf7 40. Re8 Rh7 41. g4 Rxh3 42. gxf5+ Kxf5 43. Rf8+ Ke4 44. Rf6 Kxd4 45. Rxe6 Re3 46. Kf2 Ra3 47. Re8 Kc5 48. e6 Kd6 49. Ke2 Ra4 50. Kd3 Re4 51. e7 Kd7 1/2-1/2

[Event "RA Swiss Active"]
[Site "Ottawa CAN"]
[Date "2004.04.22"]
[Round "5"]
[White "Pacey, Kevin"]
[Black "Mai, Lloyd"]
[Result "1-0"]
[WhiteElo "2223"]
[BlackElo "1816"]
[PlyCount "87"]
[GameId "2160767911166717"]
[EventDate "2004.04.15"]
[EventType "swiss (rapid)"]
[EventRounds "5"]
[EventCountry "CAN"]

1. d4 Nf6 2. c4 g6 3. Nc3 Bg7 4. e4 d6 5. Be2 O-O 6. Bg5 c6 7. Qd2 e5 8. d5 c5 9. Nf3 a6 10. O-O Qc7 11. Bh6 Nh5 12. Ne1 Bxh6 13. Qxh6 Nf4 14. Bf3 f5 15. exf5 Bxf5 16. Rd1 Re8 17. g3 Nh3+ 18. Kh1 Qd7 19. Ne4 Rf8 20. Kg2 a5 21. Qh4 Na6 22. Nc2 Qd8 23. Qxd8 Raxd8 24. Ne3 Bxe4 25. Bxe4 Ng5 26. f3 Nc7 27. Bd3 Rb8 28. h4 Nf7 29. a4 Na6 30. Ng4 Kg7 31. Nf2 Nb4 32. Ne4 Rbd8 33. Bb1 h5 34. f4 Nh6 35. fxe5 Nf5 36. Rfe1 dxe5 37. Ng5 Rfe8 38. Re4 Rd7 39. Rde1 Kf6 40. Ne6 Nd6 41. Rf1+ Ke7 42. Rxe5 Nxc4 43. Ree1 Nxd5 44. Nxc5+ 1-0

[Event "RA Winter op"]
[Site "Ottawa CAN"]
[Date "2004.01.10"]
[Round "1"]
[White "Pacey, Kevin"]
[Black "Schofield, Mike"]
[Result "1-0"]
[WhiteElo "2240"]
[BlackElo "1919"]
[PlyCount "57"]
[GameId "2160767911208861"]
[EventDate "2004.01.10"]
[EventType "swiss"]
[EventRounds "5"]
[EventCountry "CAN"]

1. e4 c5 2. Nc3 Nc6 3. g3 g6 4. Bg2 Bg7 5. d3 Nf6 6. f4 d6 7. Nf3 e5 8. O-O Bd7 9. Kh1 a6 10. Be3 Qc7 11. Qd2 Nd4 12. fxe5 dxe5 13. Bh6 Bxh6 14. Qxh6 O-O-O 15. Nxd4 Ng4 16. Ndb5 axb5 17. Qd2 f5 18. Nd5 Qd6 19. c4 Be6 20. b4 Bxd5 21. exd5 bxc4 22. dxc4 b6 23. a4 e4 24. a5 e3 25. Qa2 cxb4 26. axb6 Qxb6 27. c5 Qxc5 28. Rfc1 Nf2+ 29. Kg1 1-0

[Event "RA Winter op"]
[Site "Ottawa CAN"]
[Date "2004.01.10"]
[Round "2"]
[White "Brice, Ron"]
[Black "Pacey, Kevin"]
[Result "1-0"]
[WhiteElo "2006"]
[BlackElo "2240"]
[PlyCount "55"]
[GameId "2160767911208862"]
[EventDate "2004.01.10"]
[EventType "swiss"]
[EventRounds "5"]
[EventCountry "CAN"]

1. c4 Nf6 2. g3 g6 3. Bg2 d5 4. cxd5 Nxd5 5. Nc3 Nxc3 6. bxc3 Bg7 7. Rb1 O-O 8. Rxb7 Bxb7 9. Bxb7 Nd7 10. Bxa8 Qxa8 11. Nf3 Ne5 12. O-O Nxf3+ 13. exf3 Qd5 14. a4 Rd8 15. Qe2 e6 16. Qe4 Qxe4 17. fxe4 Rd6 18. d4 Ra6 19. Bf4 Rxa4 20. Rb1 Bf8 21. Rb8 Kg7 22. Bxc7 Be7 23. d5 exd5 24. exd5 Ra6 25. Be5+ Bf6 26. f4 g5 27. c4 gxf4 28. gxf4 1-0

[Event "RA Winter op"]
[Site "Ottawa CAN"]
[Date "2004.01.10"]
[Round "3"]
[White "Yuan, Michael"]
[Black "Pacey, Kevin"]
[Result "1/2-1/2"]
[WhiteElo "1968"]
[BlackElo "2240"]
[PlyCount "105"]
[GameId "2160767911208863"]
[EventDate "2004.01.10"]
[EventType "swiss"]
[EventRounds "5"]
[EventCountry "CAN"]

1. e4 c5 2. Nf3 d6 3. d4 cxd4 4. Qxd4 a6 5. c4 Nc6 6. Qc3 Nf6 7. Nbd2 e6 8. Bd3 Be7 9. O-O Qc7 10. h3 b6 11. Re1 Bb7 12. b3 O-O 13. Bb2 e5 14. Nf1 Rac8 15. Qd2 Nd8 16. Bc1 Ne6 17. Qd1 Nc5 18. Ng3 Rfd8 19. Bg5 h6 20. Bxf6 Bxf6 21. Nh2 g6 22. Rc1 Bg5 23. Rc3 Nxd3 24. Rxd3 b5 25. cxb5 axb5 26. Qf3 f5 27. Qe2 Qf7 28. Red1 Be7 29. R3d2 fxe4 30. Nxe4 d5 31. Ng3 Bg5 32. Rc2 Rxc2 33. Qxc2 d4 34. Nf3 Bxf3 35. gxf3 Qxf3 36. Qxg6+ Kh8 37. Rd3 Qf6 38. Qxf6+ Bxf6 39. a4 bxa4 40. bxa4 Ra8 41. Ra3 Be7 42. Ra2 Bb4 43. Kf1 d3 44. Ne4 Kg7 45. f3 Rc8 46. Ra1 Rc2 47. Rd1 d2 48. Ke2 Ra2 49. Nxd2 Bxd2 50. Rxd2 Rxa4 51. Ke3 Rh4 52. Rh2 Kf6 53. Kf2 1/2-1/2

[Event "RA Winter op"]
[Site "Ottawa CAN"]
[Date "2004.01.11"]
[Round "4"]
[White "Pacey, Kevin"]
[Black "Barber, Glen"]
[Result "0-1"]
[WhiteElo "2240"]
[BlackElo "1804"]
[PlyCount "84"]
[GameId "2160767911208864"]
[EventDate "2004.01.10"]
[EventType "swiss"]
[EventRounds "5"]
[EventCountry "CAN"]

1. e4 e6 2. d4 d5 3. Nc3 Bb4 4. e5 c5 5. a3 Bxc3+ 6. bxc3 Qa5 7. Bd2 Qa4 8. Nf3 b6 9. Bd3 Ba6 10. O-O Ne7 11. Be3 Bxd3 12. cxd3 Qxd1 13. Rfxd1 c4 14. dxc4 dxc4 15. Ng5 O-O 16. a4 Nbc6 17. Bc1 Nd5 18. Ne4 Rfd8 19. Rf1 Na5 20. f4 Nb3 21. Rb1 Nxc1 22. Rbxc1 Rab8 23. Rf2 g6 24. g3 Rd7 25. Kg2 Kg7 26. Kf3 h5 27. h3 Rc7 28. Rh2 Rh8 29. Ra2 Rb8 30. Ra3 a6 31. Nd6 Rc6 32. Rb1 Rxd6 33. exd6 Rd8 34. g4 hxg4+ 35. hxg4 Rxd6 36. Rg1 Rd8 37. f5 Re8 38. fxg6 Kxg6 39. Raa1 Nxc3 40. Rgc1 Rh8 41. Kg2 Nd5 42. Rxc4 Ne3+ 0-1

[Event "RA Winter op"]
[Site "Ottawa CAN"]
[Date "2004.01.11"]
[Round "5"]
[White "Pacey, Kevin"]
[Black "Van Dusen, Eric"]
[Result "1-0"]
[WhiteElo "2240"]
[BlackElo "1999"]
[PlyCount "65"]
[GameId "2160767911208865"]
[EventDate "2004.01.10"]
[EventType "swiss"]
[EventRounds "5"]
[EventCountry "CAN"]

1. f4 Nf6 2. Nf3 g6 3. g3 Bg7 4. Bg2 c5 5. O-O d5 6. d3 O-O 7. Nc3 Nc6 8. e4 dxe4 9. dxe4 Bg4 10. e5 Ne8 11. Be3 Qb6 12. Na4 Qb5 13. Nxc5 Rd8 14. Qc1 Bxf3 15. c4 Qa5 16. Bxf3 Qc7 17. Rd1 b6 18. Bxc6 Rxd1+ 19. Qxd1 Qxc6 20. Nd7 Qxc4 21. Qd4 Qe2 22. Rc1 Nd6 23. Nxf8 Nf5 24. Qd2 Qxd2 25. Bxd2 Bxf8 26. Rc8 Kg7 27. Bb4 a5 28. Ba3 b5 29. Bc5 h5 30. Ra8 b4 31. Rxa5 e6 32. Bxf8+ Kxf8 33. Rb5 1-0

[Event "RACC-ch"]
[Site "Ottawa CAN"]
[Date "2004.01.08"]
[Round "1"]
[White "Kuryliw, Ray"]
[Black "Pacey, Kevin"]
[Result "0-1"]
[WhiteElo "1956"]
[BlackElo "2240"]
[PlyCount "118"]
[GameId "2160767911208953"]
[EventDate "2004.01.08"]
[EventType "swiss"]
[EventRounds "7"]
[EventCountry "CAN"]

1. e4 c5 2. Nc3 e6 3. Nge2 Nc6 4. g3 d5 5. exd5 exd5 6. d4 Nf6 7. Bg2 cxd4 8. Nxd4 Bg4 9. Qd3 Bc5 10. Nxc6 bxc6 11. O-O O-O 12. Na4 Be7 13. Be3 Qa5 14. b3 Rfe8 15. Bd2 Bb4 16. c3 Bf8 17. Rfe1 Be6 18. Qc2 Qa6 19. Bf1 Qc8 20. c4 d4 21. Nb2 Qd7 22. Bg5 Bb4 23. Bd2 Be7 24. Rad1 c5 25. Bg2 Rac8 26. Bg5 Bg4 27. f3 Bf5 28. Qd2 h6 29. Bxf6 Bxf6 30. Nd3 Re3 31. Nf4 Rxe1+ 32. Rxe1 Re8 33. Nd5 Bd8 34. Kf2 Rxe1 35. Qxe1 Qe6 36. Bf1 g5 37. a3 a5 38. Qd2 Qd6 39. f4 Be4 40. Bg2 Qe6 41. Bxe4 Qxe4 42. Qe2 f5 43. h3 Kg7 44. Qxe4 fxe4 45. f5 Kf7 46. g4 Ke8 47. a4 Kd7 48. Ke2 Kd6 49. Kd1 Ke5 50. Ke2 h5 51. Kd2 e3+ 52. Kd3 h4 53. Ke2 Ke4 54. f6 d3+ 55. Kd1 Bxf6 56. Nxf6+ Kf3 57. Ke1 d2+ 58. Kd1 e2+ 59. Kxd2 Kf2 0-1